000 00832cam a2200253 a 4500
001 2157122
005 20180207035906.0
008 990226s1999 ctu b 001 0 eng
010 _a 99021789
020 _a0313302413 (alk. paper)
040 _aDLC
_cDLC
_dDLC
041 _aeng
043 _an-us---
080 _a342.730853 SHE
082 0 0 _a342.730853 SHE
_221
100 _a16
101 _aHIS
245 0 0 _aFree expression in America :
_cedited by Sheila Suess Kennedy.
504 _aIncludes bibliographical references (p. [331]-332) and index.
906 _a7
_bcbc
_corignew
_d1
_eocip
_f19
_gy-gencatlg
942 _2ddc
_cBK
999 _c41982
_d41982